| 000 | 00372nam a2200145Ia 4500 | ||
|---|---|---|---|
| 008 | 230917s9999||||xx |||||||||||||| ||und|| | ||
| 040 |
_e40665 _aMAIN |
||
| 041 | _aEnglish | ||
| 082 | _a823.7 D555A:D | ||
| 100 | _aAndrews, Malcolm | ||
| 245 | 0 | _aDickens on England and the English | |
| 260 |
_aHassocks _bHarvester Press _c1979 |
||
| 300 | _axiii, 201 p. | ||
| 942 | _cBK | ||
| 999 |
_c208592 _d208592 |
||